<?xml version="1.0" encoding="UTF-8"?>
<marc:record xmlns:marc="http://www.loc.gov/MARC21/slim">
   <marc:leader>00000nam a2200000 a 4500</marc:leader>
   <marc:datafield ind1="1" ind2=" " tag="100">
      <marc:subfield code="a">Pancol, Katherine</marc:subfield>
      <marc:subfield code="4">aut</marc:subfield>
      <marc:subfield code="e">Verfasser/-in</marc:subfield>
   </marc:datafield>
   <marc:datafield ind1="0" ind2="0" tag="245">
      <marc:subfield code="a">Die gelben Augen der Krokodile</marc:subfield>
   </marc:datafield>
   <marc:datafield ind1="0" ind2="0" tag="245">
      <marc:subfield code="b">; Roman; [Übers. aus dem Franz. von Nathalie Lemmens]</marc:subfield>
   </marc:datafield>
   <marc:datafield ind1=" " ind2="1" tag="264">
      <marc:subfield code="b">Random House Verlag</marc:subfield>
      <marc:subfield code="c">2012</marc:subfield>
   </marc:datafield>
   <marc:datafield ind1="1" ind2=" " tag="520">
      <marc:subfield code="a">Die fabelhafte Welt der Joséphine Joséphine, Ehefrau, Mutter und Historikerin mit Fachgebiet Mittelalter, glaubt, sie stünde auf der sicheren Seite des Lebens. Doch dann zerbricht alles: Ihr Mann betrügt sie, ihre Tochter rebelliert, und die Bank macht Druck. Da kommt ihr das ungewöhnliche Angebot ihrer schönen Schwester Iris gar nicht mal so ungelegen. Diese hatte einen Verleger angeschwindelt, an einem schwülstigen historischen Roman zu arbeiten. Jetzt soll Joséphine dieses Buch schreiben, die das Geld auch gut gebrauchen kann, weil sie das mit der Scheidung, den beiden Töchtern und dem Alleinsein schaffen muss. Womit keiner rechnen konnte: Der Roman wird zu einem absoluten Bestseller, und das Leben der beiden Schwestern steht plötzlich Kopf.</marc:subfield>
   </marc:datafield>
   <marc:datafield ind1=" " ind2=" " tag="020">
      <marc:subfield code="a">9783442744985</marc:subfield>
      <marc:subfield code="9">9783442744985</marc:subfield>
   </marc:datafield>
</marc:record>
